000 00304nam a22001337a 4500
008 170908b xxu||||| |||| 00| 0 eng d
020 _a9780321590046
041 _aeng
080 _210 ED
_a91
100 _a42
101 _aGEO
245 _aWORLD REGIONAL GEOGRAPHY
_cHAARMANN.J
942 _2udc
_cBK
999 _c26791
_d26791